Statistics for August 12th: Birthdays

Click here to take the quiz!

General Stats

  • This quiz has been taken 2 times
  • The average score is 5 of 11

Answer Stats

YearClueAnswer% Correct
1975Actor in Manchester by the SeaCasey Affleck
100%
1881Produced The Ten CommandmentsCecil B. DeMille
100%
1954President of FranceFrançois Hollande
100%
1930Hungarian-American investorGeorge Soros
100%
1971Won 14 Grand Slam titlesPete Sampras
50%
1904Tsarevich of RussiaAlexei Nikolaevich
0%
1530King of DenmarkChristian III
0%
1887Nobel Prize LaureateErwin Schrödinger
0%
1918Led the DambustersGuy Gibson
0%
1977French Open ChampionIva Majoli
0%
1910Actress in Star TrekJane Wyatt
0%

Score Distribution

Percentile by Number Answered

Percent of People with Each Score

Your Score History

You have not taken this quiz